000 00588cam a2200181 4500500
005 20260405001729.0
041 _afre
042 _adc
100 1 0 _aDuru, Martin
_eauthor
245 0 0 _aLeopold von Sacher-Masoch et l’invention du masochisme. L’Œuvre
260 _c2014.
500 _a43
690 _aMasochisme
690 _aSacher-Masoch
690 _aVénus à la Fourrure
786 0 _nPhilosophie magazine | 78 | 4 | 2014-04-01 | p. 48-48 | 1951-1787
856 4 1 _uhttps://shs.cairn.info/magazine-philosophie-magazine-2014-4-page-48?lang=fr&redirect-ssocas=7080
999 _c2050500
_d2050500